[Event "VII TCh-RUS w"]
[Site "Sochi RUS"]
[Date "2006.04.28"]
[Round "9"]
[White "Fenina,T"]
[Black "Demina,J"]
[Result "0-1"]
[WhiteElo "2078"]
[BlackElo "2302"]

1.e4 c5 2.Nf3 d6 3.Bb5+ Nd7 4.d4 Nf6 5.Nc3 cxd4 6.Qxd4 e5 7.Qd3 h6 8.O-O Be7
9.h3 O-O 10.Bxd7 Bxd7 11.Be3 a6 12.a4 b5 13.axb5 axb5 14.Nd5 Nxd5 15.Qxd5 Qc8
16.Rxa8 Qxa8 17.Qxa8 Rxa8 18.Ne1 f5 19.exf5 Bxf5 20.g4 Bg6 21.Nd3 Ra2 22.Bc1 d5
23.Nxe5 Bxc2 24.Nc6 Bc5 25.b4 Bd3  0-1

[Event "2nd Halkidiki Open"]
[Site "Kalithea GRE"]
[Date "2006.04.29"]
[Round "6"]
[White "Zakarian,D"]
[Black "Katzourakis,P"]
[Result "1-0"]
[WhiteElo "2359"]
[BlackElo "2109"]

1.e4 c5 2.Nf3 d6 3.Bb5+ Bd7 4.Bxd7+ Qxd7 5.O-O Nf6 6.c3 Nc6 7.d4 cxd4 8.cxd4 d5
9.e5 Ne4 10.Ne1 h6 11.Be3 e6 12.Nd3 Be7 13.f3 Ng5 14.Qd2 Qc7 15.Nc3 O-O 16.Rac1 Rac8
17.b4 Qb8 18.a3 a6 19.Nc5 Qa7 20.f4 b6 21.fxg5 bxc5 22.bxc5 Bxg5 23.Bxg5 hxg5
24.Ne2 Qe7 25.Qd3 Na5 26.Ng3 Rb8 27.Nh5 Rb3 28.Qd2 Nc4 29.Rxc4  1-0

[Event "2nd Halkidiki Open"]
[Site "Kalithea GRE"]
[Date "2006.04.29"]
[Round "7"]
[White "Markidis,K"]
[Black "Grigoriadis,A"]
[Result "1/2-1/2"]
[WhiteElo "2367"]
[BlackElo "2112"]

1.e4 c5 2.Nf3 d6 3.Bb5+ Bd7 4.Bxd7+ Qxd7 5.c4 Nc6 6.Nc3 g6 7.d4 cxd4 8.Nxd4 Bg7
9.Nde2 Nf6 10.O-O O-O 11.f3 Rfc8 12.Bg5 Qd8 13.Kh1 Ne5 14.b3 a6 15.a4 h6
16.Bh4 b6 17.Qd2 Ned7 18.Rab1 Rab8 19.Nd4 Rb7 20.Rfe1 Kh7 21.Nd5 e6 22.Nc3 Nc5
23.Bf2 Rd7 24.Nde2  1/2-1/2

[Event "Open B"]
[Site "Djakovo CRO"]
[Date "2006.05.03"]
[Round "6"]
[White "Armanda,I"]
[Black "Ribicic,M"]
[Result "1-0"]
[WhiteElo "2330"]
[BlackElo "2204"]

1.e4 c5 2.Nf3 d6 3.Bb5+ Nd7 4.c3 Nf6 5.d3 e6 6.O-O Be7 7.Re1 a6 8.Ba4 O-O
9.d4 b5 10.Bc2 Bb7 11.e5 dxe5 12.dxe5 Nd5 13.Nbd2 Nf4 14.h4 c4 15.Ne4 Ng6
16.Neg5 Bxf3 17.Nxf3 Re8 18.h5 Ngf8 19.Be3 Nc5 20.Bd4 Ncd7 21.Qe2 Bc5 22.a4 Qe7
23.Qe4 Nb6 24.Bxc5 Qxc5 25.Ng5 h6 26.Nh7 Qd5 27.Nxf8 Kxf8 28.Qh7 Qd2 29.Be4 Rad8
30.axb5 Qxb2 31.Bc6 axb5 32.Ra7  1-0

[Event "TCh-FRA Top 16"]
[Site "Asnieres sur Seine FRA"]
[Date "2006.05.04"]
[Round "8"]
[White "Maze,S"]
[Black "Bijaoui,M"]
[Result "1-0"]
[WhiteElo "2518"]
[BlackElo "2355"]

1.e4 c5 2.Nf3 d6 3.Bb5+ Bd7 4.Bxd7+ Qxd7 5.c4 Nc6 6.Nc3 Nf6 7.d4 cxd4 8.Nxd4 g6
9.O-O Bg7 10.Nde2 O-O 11.f3 e6 12.Bg5 h6 13.Bh4 Rfd8 14.f4 a6 15.Qd3 Rac8
16.Rad1 Qc7 17.b3 Qa5 18.h3 b5 19.cxb5 axb5 20.Qxb5 Qa8 21.Kh1  1-0

[Event "TCh-FRA Top 16"]
[Site "Asnieres sur Seine FRA"]
[Date "2006.05.05"]
[Round "9"]
[White "Marciano,D"]
[Black "Relange,E"]
[Result "1/2-1/2"]
[WhiteElo "2513"]
[BlackElo "2490"]

1.e4 c5 2.Nf3 d6 3.Bb5+ Bd7 4.Bxd7+ Qxd7 5.O-O Nf6 6.e5 dxe5 7.Nxe5 Qc8 8.Qf3 e6
9.d3 Be7 10.Bf4 O-O 11.Nc3 Nfd7 12.Rfe1 Nxe5 13.Rxe5 Nc6 14.Rh5 g6 15.Rh6 f5
16.Qg3 Rf7 17.Re1 Qd7 18.Qe3 Nd4 19.Qd2 Bd6 20.Qe3 Be7 21.Qg3 Nc6  1/2-1/2

[Event "1st Open"]
[Site "d'Angers FRA"]
[Date "2006.05.08"]
[Round "5"]
[White "Belkhodja,S"]
[Black "Starostits,I"]
[Result "1-0"]
[WhiteElo "2499"]
[BlackElo "2460"]

1.e4 c5 2.Nf3 d6 3.Bb5+ Bd7 4.Bxd7+ Qxd7 5.O-O Nc6 6.c3 Nf6 7.d4 Nxe4 8.d5 Ne5
9.Re1 Nf6 10.Nxe5 dxe5 11.c4 e6 12.Nc3 O-O-O 13.Bg5 exd5 14.Bxf6 gxf6 15.Nxd5 h5
16.Qf3 Rh6 17.Rad1 Qc6 18.Qa3 Kb8 19.Qa5 b6 20.Nxb6 Rxd1 21.Rxd1 Qxb6 22.Qxb6+ axb6
23.Rd8+ Kc7 24.Rxf8 Rh7 25.Kf1 f5 26.g3 h4 27.Ke2 Kd7 28.b3 hxg3 29.hxg3 Ke7
30.Rb8 Rh6 31.Rb7+ Ke8 32.a4 Rc6 33.Ra7 Kf8 34.Ra6 Re6 35.Kd3 Ke7 36.a5 bxa5
37.Rxa5 Rd6+ 38.Kc3 Rc6 39.b4 cxb4+ 40.Kxb4 Kd6 41.Rd5+ Ke6 42.Rd2 e4 43.c5 Ke5
44.Kb5 Rc8 45.c6 f4 46.Rd7 f5 47.Kc5 fxg3 48.fxg3 Ke6 49.Rd5 Ra8 50.c7 Rc8
51.Rd6+ Ke5 52.Rd7 e3 53.Re7+ Kf6 54.Kd6  1-0

[Event "Geller Mem"]
[Site "Moscow RUS"]
[Date "2006.05.09"]
[Round "8"]
[White "Glek,I"]
[Black "Vorobiov,E"]
[Result "0-1"]
[WhiteElo "2560"]
[BlackElo "2540"]

1.e4 c5 2.Nf3 d6 3.Bb5+ Nd7 4.d4 Nf6 5.Nc3 cxd4 6.Qxd4 e5 7.Qd3 h6 8.Be3 Be7
9.Bc4 a6 10.a4 Qa5 11.O-O Nc5 12.Bxc5 Qxc5 13.Nd5 Nxd5 14.Qxd5 Qxd5 15.Bxd5 Rb8
16.Rfd1 Be6 17.c4 O-O 18.Bxe6 fxe6 19.c5 dxc5 20.Nxe5 Rfd8 21.a5 Rbc8 22.Nc4 Rd4
23.Rxd4 cxd4 24.b3 Rc5 25.Rd1 e5 26.g3 Rb5 27.Rd3 Bb4 28.f4 exf4 29.gxf4 Bc3
30.Kg2 Rxb3 31.Kf3 Rb4 32.Nd6 b6 33.axb6 a5 34.e5 a4 35.Ne4 Rxb6 36.f5 Bb2  0-1

[Event "XXXVI Bosnia GMB"]
[Site "Sarajevo BIH"]
[Date "2006.05.09"]
[Round "3"]
[White "Arapovic,V"]
[Black "Saric,Ib"]
[Result "0-1"]
[WhiteElo "2411"]
[BlackElo "2476"]

1.e4 c5 2.Nf3 d6 3.Bb5+ Nc6 4.O-O Bd7 5.Re1 a6 6.Bxc6 Bxc6 7.d4 cxd4 8.Qxd4 e5
9.Qd3 h6 10.c4 Nf6 11.Nc3 Be7 12.Nh4 g6 13.g3 Nd7 14.Ng2 Nc5 15.Qd1 h5 16.Nd5 h4
17.Be3 Nd7 18.gxh4 Bxh4 19.Qd2 Rc8 20.Rad1 Kf8 21.Re2 Kg7 22.f3 Bxd5 23.cxd5 Be7
24.Rc1 Rxc1+ 25.Qxc1 Qa5 26.b3 Bd8 27.Qc8 Qb5 28.Qc2 Bb6 29.Bxb6 Nxb6 30.h4 Rc8
31.Qd2 Nd7 32.Kh2 Nf6 33.Rf2 Qc5 34.Qb2 b5 35.Re2 Nh5 36.f4 Nf6 37.fxe5 Ng4+
38.Kg3 Nxe5 39.Ne3 f6 40.h5 gxh5 41.Nf5+ Kh7 42.Qd4 Rg8+ 43.Kf4 Qc1+ 44.Qd2 Rg4+
45.Ke3 Qg1+ 46.Rf2 Rg2  0-1

[Event "Geller Mem"]
[Site "Moscow RUS"]
[Date "2006.05.11"]
[Round "12"]
[White "Saulin,D"]
[Black "Vorobiov,E"]
[Result "1/2-1/2"]
[WhiteElo "2471"]
[BlackElo "2540"]

1.e4 c5 2.Nf3 d6 3.Bb5+ Bd7 4.Bxd7+ Qxd7 5.O-O Nc6 6.c3 Nf6 7.Re1 e6 8.d4 cxd4
9.cxd4 d5 10.e5 Ne4 11.Nbd2 Nxd2 12.Bxd2 Be7 13.Rc1 O-O 14.Rc3 Rfc8 15.a3 Nd8
16.Qe2  1/2-1/2

[Event "President's Cup"]
[Site "Baku AZE"]
[Date "2006.05.12"]
[Round "9"]
[White "Mamedov,Nid"]
[Black "Guliev,L"]
[Result "1-0"]
[WhiteElo "2519"]
[BlackElo "2384"]

1.e4 c5 2.Nf3 d6 3.Bb5+ Nd7 4.d4 cxd4 5.Qxd4 Nf6 6.Bg5 a6 7.Bxd7+ Nxd7 8.Nc3 f6
9.Be3 e6 10.O-O Be7 11.Nd2 O-O 12.f4 Kh8 13.Nc4 e5 14.Qd2 exf4 15.Bxf4 Ne5
16.Ne3 Be6 17.Ncd5 Rc8 18.b3 Rf7 19.a4 Bf8 20.c4 g6 21.Rad1 Bg7 22.a5 Rf8
23.h3 Re8 24.Nb6 Rc6 25.Ned5 Bg8 26.Bh6 Rf8 27.Rf2 Rc5 28.Bxg7+ Kxg7 29.Rdf1 Bxd5
30.Nxd5 Nd7 31.Qb4 Rf7 32.Qxb7 Rxa5 33.Qb4 Rc5 34.Qc3 a5 35.Qd4 Rc6 36.Kh1 Ra6
37.g4 h6 38.h4 g5 39.h5 Rc6 40.Nxf6 Nxf6 41.e5 Qa8 42.exf6+  1-0

[Event "1st Open"]
[Site "Sofia BUL"]
[Date "2006.05.12"]
[Round "2"]
[White "Stoinev,M"]
[Black "Bennett,D"]
[Result "1-0"]
[WhiteElo "2276"]
[BlackElo "2093"]

1.e4 c5 2.Nf3 d6 3.Bb5+ Bd7 4.Bxd7+ Qxd7 5.c4 Nc6 6.d4 cxd4 7.Nxd4 Nf6 8.Nc3 g6
9.O-O Bg7 10.Nde2 O-O 11.f3 a6 12.a4 Qd8 13.Kh1 Nd7 14.Bg5 Qa5 15.Bd2 Qc5
16.b3 Nb4 17.Bf4 f5 18.Qd2 fxe4 19.Nxe4 Qa5 20.Rad1 Nc6 21.Qc2 Qf5 22.Be3 Nf6
23.N2g3 Qe6 24.Rfe1 Nxe4 25.Nxe4 Rf5 26.Ng3 Re5 27.Qd2 Qf6 28.Ne4 Qf5 29.Bf4 Re6
30.Qd5 Kh8 31.Bg3 Be5 32.Ng5 Rf6 33.Bxe5 Nxe5 34.Ne4 Rff8 35.Qxb7 Rab8 36.Qxe7 Nxf3
37.Ng3 Qg4 38.Re4 Rf4 39.Rxf4 Qxf4 40.Rf1 Qe5 41.Qc7 d5 42.Qa7 Ng5 43.Qc5 Ne6
44.Qe7 Qc3 45.Rf7  1-0

[Event "ch-UKR sf"]
[Site "Alushta UKR"]
[Date "2006.05.16"]
[Round "4"]
[White "Tichonov,J"]
[Black "Strelnikov,S"]
[Result "0-1"]
[WhiteElo "2180"]
[BlackElo "2319"]

1.e4 c5 2.Nf3 d6 3.Bb5+ Nc6 4.O-O Bd7 5.Re1 a6 6.Bf1 Bg4 7.h3 Bh5 8.g4 Bg6
9.Nh4 e6 10.Ng2 Nf6 11.d3 d5 12.e5 Nd7 13.f4 h5 14.g5 h4 15.c3 d4 16.c4 Bf5
17.Kh2 f6 18.exf6 gxf6 19.Be2 Qc7 20.Bh5+ Kd8 21.Nxh4 Bd6 22.Nxf5 Bxf4+ 23.Kg2 exf5
24.Qe2 Qd6 25.g6 Kc7 26.Nd2 Be3 27.Nf1 f4 28.Nh2 f5 29.Rh1 Nde5 30.Kf1 Rag8
31.Ke1 Nb4 32.Bxe3  0-1

[Event "3rd All-China Games"]
[Site "Suzhou CHN"]
[Date "2006.05.20"]
[Round "1"]
[White "Liang Jinrong"]
[Black "Lin Chen"]
[Result "0-1"]
[WhiteElo "2467"]
[BlackElo "2361"]

1.e4 c5 2.Nf3 d6 3.Bb5+ Bd7 4.Bxd7+ Qxd7 5.O-O Nf6 6.Qe2 Nc6 7.c3 e6 8.d4 cxd4
9.cxd4 d5 10.e5 Ne4 11.Nbd2 Nxd2 12.Bxd2 Be7 13.Rfc1 O-O 14.Rc3 Rfc8 15.Rac1 a6
16.g3 Na7 17.Qd3 Rxc3 18.Rxc3 Rc8 19.Rxc8+ Qxc8 20.b3 Nc6 21.Ne1 Qd8 22.Nc2 f5
23.exf6 Bxf6 24.Bc3 Ne7 25.Ne3 Qc8 26.Bb2 Nf5 27.Nxf5 exf5 28.Qc3 Qd7 29.Bc1 g5
30.Be3 Kf7 31.Qc5 h6 32.f3 Be7 33.Qc2 Kg7 34.Kg2 Qe6 35.Bf2 g4 36.fxg4 fxg4
37.Kf1 Bd6 38.Qe2 Qf5 39.Qe8 Qb1+ 40.Be1 Qd3+ 41.Kg2 Qe4+ 42.Qxe4 dxe4 43.Kf2 Kf6
44.Ke3 Kf5 45.Ba5 h5 46.Bd8 Ba3 47.Bh4 Bc1+ 48.Ke2 Ke6 49.Bd8 b5 50.Bh4 Bh6
51.Bd8 Bg7 52.Ke3 Kd5 53.Bb6 Bh6+ 54.Ke2 Bg5 55.Kf2 h4 56.gxh4 Bxh4+ 57.Ke2 Bf6
58.Ke3 Bg5+ 59.Kf2 Bf4 60.Kg2 Be3 61.Kg3 Bxd4 62.Ba5 Be5+ 63.Kxg4 Bxh2 64.Bb6 Be5
65.Bf2 Bd6 66.Kf5 Bc5 67.Be1 e3 68.a4 b4 69.a5 Kd4 70.Ke6 e2 71.Kd7 Kd3 72.Kc6 Bd4
73.Kb7 Bc3 74.Bh4 e1=Q 75.Bxe1 Bxe1 76.Kxa6 Kc3 77.Kb5 Kxb3  0-1

[Event "3rd All-China Games"]
[Site "Suzhou CHN"]
[Date "2006.05.20"]
[Round "1"]
[White "Chen Fan"]
[Black "Lin Weiguo"]
[Result "1/2-1/2"]
[WhiteElo "2354"]
[BlackElo "2448"]

1.e4 c5 2.Nf3 d6 3.Bb5+ Bd7 4.a4 Nf6 5.Qe2 e6 6.O-O Be7 7.c3 a6 8.Bxd7+ Nfxd7
9.d4 O-O 10.Rd1 Nc6 11.d5 exd5 12.exd5 Nce5 13.Nxe5 Nxe5 14.Na3 Re8 15.Bf4 Bf6
16.Bxe5 Bxe5 17.Qg4 g6 18.f4 f5 19.Qf3 Bf6 20.Re1 Qd7 21.Nc4 Rxe1+ 22.Rxe1 Re8
23.Rxe8+ Qxe8 24.Nxd6 Qd7 25.Nc4 Qxa4 26.Qe2 Qd7 27.Nb6 Qd6 28.Qe6+ Qxe6
29.dxe6 Kf8 30.Nd7+ Ke7 31.Nxc5 b6 32.Nxa6 Kxe6 33.Nc7+ Kd7 34.Nd5 Bd8 35.Kf2 Kc6
36.Nb4+ Kb5 37.b3 Bf6 38.Nd5 Bh8 39.Ke3 Kc5 40.c4 b5 41.Kd3 bxc4+ 42.bxc4 Bd4
43.Nc7 Bg1 44.h3 Bh2 45.Nd5 Bg3 46.Nf6 Bxf4 47.Nxh7 Bd6 48.Ng5 Be7 49.Ne6+ Kd6
50.Nf4 g5 51.Nd5 Bf8 52.Nb6 Bg7 53.Nd5 Bf8 54.Kd4 Bg7+ 55.Ke3 Bf8 56.Nc3 Kc5
57.Kd3 Kd6 58.g3 Ke5 59.h4 gxh4 60.gxh4 Kf4  1/2-1/2

[Event "3rd All-China Games"]
[Site "Suzhou CHN"]
[Date "2006.05.20"]
[Round "2"]
[White "Qin Kanying"]
[Black "Gu Xiaobing"]
[Result "1-0"]
[WhiteElo "2465"]
[BlackElo "2371"]

1.e4 c5 2.Nf3 d6 3.Bb5+ Nc6 4.c3 Bd7 5.d4 Nf6 6.d5 Ne5 7.Bxd7+ Nexd7 8.Qe2 g6
9.c4 Bg7 10.O-O O-O 11.Nc3 a6 12.h3 Qa5 13.Bd2 Rfe8 14.Rfe1 Rab8 15.a4 Qc7
16.Bf4 Nh5 17.Bh2 Bh6 18.e5 dxe5 19.Nxe5 Nf4 20.Qe3 Qxe5 21.Qxe5 Nxe5 22.Rxe5 Nd3
23.Re2 Rbd8 24.Rd1 Nc1 25.Ree1 Nb3 26.a5 Bg7 27.Na4 Bd4 28.Bc7 Rc8 29.Bb6 Bf6
30.Rd3 Nd4 31.Bxc5 e5 32.b4 Nc2 33.Rc1 Nd4 34.Bxd4 exd4 35.Nb6 Rcd8 36.Kf1 Re4
37.Re1 Rxe1+ 38.Kxe1 Kf8 39.c5 Be5 40.Kd1 Ke7 41.Rd2 Kf6 42.Kc2 Bc7 43.Rxd4 Bxb6
44.axb6 Ke5 45.Rd3 Rxd5 46.c6  1-0

[Event "3rd All-China Games"]
[Site "Suzhou CHN"]
[Date "2006.05.21"]
[Round "4"]
[White "Yu Shaoteng"]
[Black "Wang Zili"]
[Result "0-1"]
[WhiteElo "2542"]
[BlackElo "2501"]

1.e4 c5 2.Nf3 d6 3.Bb5+ Bd7 4.Bxd7+ Qxd7 5.O-O Nf6 6.Qe2 Nc6 7.Rd1 e6 8.d4 cxd4
9.Nxd4 Be7 10.c4 O-O 11.Nc3 Nxd4 12.Rxd4 Qc6 13.b3 Rfd8 14.Bb2 Ne8 15.Rad1 Bf6
16.R4d3 a6 17.Rh3 b5 18.cxb5 axb5 19.a3 h6 20.Qg4 Rdc8 21.Rdd3 Kf8 22.Rhf3 Qc5
23.b4 Qc4 24.Qh5 Rc7 25.Rfe3 Bd4 26.Rxd4 Qxd4 27.Qxb5 Qc4 28.Qh5 d5 29.exd5 exd5
30.Qxd5 Qxd5 31.Nxd5 Rd8 32.Rxe8+ Rxe8 33.Ne3 Rd8 34.a4 Rd2  0-1

[Event "3rd All-China Games"]
[Site "Suzhou CHN"]
[Date "2006.05.22"]
[Round "5"]
[White "Yu Shaoteng"]
[Black "Wei Chenpeng"]
[Result "0-1"]
[WhiteElo "2542"]
[BlackElo "2356"]

1.e4 c5 2.Nf3 d6 3.Bb5+ Nc6 4.O-O Bd7 5.Re1 Nf6 6.c3 a6 7.Ba4 c4 8.d4 cxd3
9.Bg5 e6 10.Qxd3 Be7 11.Nbd2 Qc7 12.Rad1 O-O 13.Bc2 Ne5 14.Nxe5 dxe5 15.Qg3 Nh5
16.Qh4 Bxg5 17.Qxg5 Nf4 18.Qg4 f5 19.Qf3 Rf6 20.Nf1 Bc6 21.Ng3 Raf8 22.Rd2 Rg6
23.Qd1 h5 24.f3 h4 25.Nf1 h3 26.g3 Ng2 27.Rxg2 hxg2 28.Kxg2 Rgf6 29.Nd2 f4
30.g4 Rd8 31.Qe2 Kf8 32.Qf2 Bb5 33.h4 g6 34.Bb3 a5 35.g5 Rf7 36.Bxe6 Rh7
37.c4 Bc6 38.Bd5 a4 39.b3 Qe7 40.Rb1 Kg7 41.bxa4 Rdh8 42.Rh1 Bxa4 43.Qb6 Bd7
44.Qf2 Rxh4 45.Rxh4 Qxg5+ 46.Rg4 Bxg4 47.Kf1 Bc8 48.Ke2 Qe7 49.c5 Bd7 50.Kd3 Rc8
51.Nb3 Ba4 52.Kc3  0-1

[Event "37th Olympiad w"]
[Site "Turin ITA"]
[Date "2006.05.22"]
[Round "2"]
[White "Berzina,I"]
[Black "Aliaga Fernandez,I"]
[Result "1-0"]
[WhiteElo "2278"]
[BlackElo "2019"]

1.e4 c5 2.Nf3 d6 3.Bb5+ Bd7 4.Bxd7+ Qxd7 5.O-O Nc6 6.c3 Nf6 7.Re1 e6 8.d4 cxd4
9.cxd4 d5 10.e5 Ne4 11.Nbd2 Nxd2 12.Bxd2 Bb4 13.Rc1 Bxd2 14.Qxd2 O-O 15.Ng5 h6
16.Nh3 Rfc8 17.Nf4 Qe7 18.Rc3 Qb4 19.Rec1 a5 20.Nh5 Kh8 21.Qf4 Rg8 22.Rd3 Qxb2
23.Nf6 Rgc8 24.Rh3 g5 25.Qxg5  1-0

[Event "37th Olympiad w"]
[Site "Turin ITA"]
[Date "2006.05.22"]
[Round "2"]
[White "Milligan,H"]
[Black "Zsiltzova Lisenko,L"]
[Result "0-1"]
[WhiteElo "2053"]
[BlackElo "2263"]

1.e4 c5 2.Nf3 d6 3.Bb5+ Bd7 4.Bxd7+ Qxd7 5.c4 Nc6 6.d4 cxd4 7.Nxd4 Nf6 8.Nc3 g6
9.f3 Bg7 10.Nde2 O-O 11.O-O a6 12.a4 Qc7 13.Be3 Qa5 14.Qb3 Qb4 15.Qxb4 Nxb4
16.Rac1 Rac8 17.b3 Nd7 18.Rfd1 Nc5 19.Bxc5 Rxc5 20.Nd5 Nxd5 21.Rxd5 Rfc8
22.Rcd1 Kf8 23.Kf2 Ke8 24.Ke3 Kd7 25.f4 Rxd5 26.Rxd5 e6 27.Rd3 Ke7 28.Nd4 Rc5
29.Kf3 f5 30.exf5 gxf5 31.g4 fxg4+ 32.Kxg4 d5 33.Nf3 dxc4 34.bxc4 Rxc4 35.Rb3 Rc7
36.Ng5 h6 37.Ne4 Bd4 38.Rb4 Be3 39.Rb3 Bg1 40.h4 b6 41.Rb1 Bd4 42.Rb4 Rd7
43.Kh5 Be3 44.Ng3 Kf7 45.Re4 Bf2 46.Ne2 Rd5+ 47.Kxh6 Bxh4 48.f5 Bf6 49.fxe6+ Ke7
50.Nf4 Bg5+ 51.Kg6 Bxf4 52.Rxf4 Rd6 53.Kf5 Rxe6 54.Rc4 Kd7 55.Kf4 Kd6 56.Kf3 Kd5
57.Rc1 Kd4 58.Rc8 b5 59.axb5 axb5 60.Kf2 b4 61.Rb8 Kc3 62.Rc8+ Kb2 63.Rb8 b3  0-1

[Event "3rd All-China Games"]
[Site "Suzhou CHN"]
[Date "2006.05.24"]
[Round "7"]
[White "Qin Kanying"]
[Black "Wu Xibin"]
[Result "1-0"]
[WhiteElo "2465"]
[BlackElo "2394"]

1.e4 c5 2.Nf3 d6 3.Bb5+ Bd7 4.Bxd7+ Qxd7 5.O-O Nf6 6.Re1 Nc6 7.c3 e6 8.d4 cxd4
9.cxd4 d5 10.e5 Ne4 11.Nbd2 Nxd2 12.Bxd2 Be7 13.Rc1 Rc8 14.Rc3 O-O 15.a3 b5
16.Rd3 Qd8 17.h4 a5 18.Ng5 g6 19.Qg4 h5 20.Qh3 Kg7 21.g4 Rh8 22.Rf3 Nxd4
23.Rxf7+ Kg8 24.Qd3  1-0

[Event "3rd All-China Games"]
[Site "Suzhou CHN"]
[Date "2006.05.24"]
[Round "7"]
[White "Yu Shaoteng"]
[Black "Chen Fan"]
[Result "1/2-1/2"]
[WhiteElo "2542"]
[BlackElo "2354"]

1.e4 c5 2.Nf3 d6 3.Bb5+ Nd7 4.d4 Nf6 5.O-O a6 6.Bxd7+ Qxd7 7.e5 Ne4 8.exd6 Qxd6
9.Re1 Nf6 10.Nbd2 Bg4 11.Nc4 Qc6 12.dxc5 Bxf3 13.Qxf3 Qxf3 14.gxf3 e6 15.b4 Nd5
16.a3 Be7 17.Bb2 O-O-O 18.Rad1 Bf6 19.Bxf6 gxf6 20.Nd6+ Rxd6 21.cxd6 b5 22.Rxd5 exd5
23.Re7 Rd8 24.Rc7+ Kb8 25.Rxf7 Rxd6 26.Rxh7 Rc6 27.Rd7 Rxc2 28.Rxd5 Rc3 29.Rf5 Rxa3
30.Rxf6 Ra4 31.Kg2 Rxb4 32.Rxa6 Kb7 33.Ra1 Ra4 34.Rb1 Kb6 35.Kg3 Ra8 36.h4 Rg8+
37.Kh3 Rf8 38.h5 Rxf3+ 39.Kg2 Rf8 40.h6 Kc5 41.Kg3 b4 42.f4 Rh8 43.Rh1 Kd6
44.Kg4 Ke6 45.Kg5 Rg8+ 46.Kh5 Kf7 47.h7 Rb8 48.Rg1 b3 49.Kh6 b2 50.Rg7+ Ke6
51.Rg1 Kf7 52.Rg7+  1/2-1/2

[Event "3rd All-China Games"]
[Site "Suzhou CHN"]
[Date "2006.05.24"]
[Round "8"]
[White "Chen Fan"]
[Black "Wei Chenpeng"]
[Result "0-1"]
[WhiteElo "2354"]
[BlackElo "2356"]

1.e4 c5 2.Nf3 d6 3.Bb5+ Nc6 4.Bxc6+ bxc6 5.O-O e5 6.c3 f5 7.exf5 Bxf5 8.d4 e4
9.Nfd2 Nf6 10.f3 exf3 11.Qxf3 Bd7 12.Ne4 Be7 13.Nxf6+ Bxf6 14.Qh5+ g6 15.Qe2+ Qe7
16.Qxe7+ Bxe7 17.dxc5 dxc5 18.Nd2 O-O-O 19.Nf3 Bf6 20.Bg5 Rhf8 21.Bxf6 Rxf6
22.Ne5 Re6 23.Rae1 Rde8 24.Nf3 Kc7 25.Kf2 h6 26.Rxe6 Bxe6 27.Re1 Kd6 28.a3 Rf8
29.Rd1+ Ke7 30.Ke3 Bd5 31.Ne5 Rf6 32.c4 Bxg2 33.Nd3 Rf3+ 34.Kd2 Bf1 35.Ne5 Rf2+
36.Kc3 g5 37.Nxc6+ Ke6 38.Re1+ Kf5 39.Ne5 Rxh2 40.b4 Be2 41.Nd3 Bxd3 42.Kxd3 Rh3+
43.Kd2 Rxa3 44.bxc5 Ra5 45.Kc3 Rxc5 46.Kd4 Rc8 47.c5 g4 48.Ra1 g3 49.Rxa7 Rg8
50.Rf7+ Kg4 51.Ke3 Kh3  0-1

[Event "37th Olympiad w"]
[Site "Turin ITA"]
[Date "2006.05.24"]
[Round "4"]
[White "Senanayake,P"]
[Black "Bekker Jensen,Ann"]
[Result "1/2-1/2"]
[WhiteElo "1846"]
[BlackElo "2015"]

1.e4 c5 2.Nf3 d6 3.Bb5+ Bd7 4.Bxd7+ Qxd7 5.c4 Nf6 6.Nc3 e6 7.d4 cxd4 8.Nxd4 Be7
9.f3 O-O 10.Be3 Nc6 11.Nde2 Ne5 12.b3 Qc7 13.O-O a6 14.Qd2 Rac8 15.Rac1 Ned7
16.Rfd1 Qb8 17.Bf4 Ne5 18.a4 Rfd8 19.Kh1 Nfd7 20.Be3 Nc5 21.Rb1 Qc7 22.Qc2 h5
23.Qd2 h4 24.h3 b6 25.Rf1 Qb7 26.Bg5 Ng6 27.Be3 Ne5 28.Bg5 Ng6 29.Be3 Ne5
30.Bg5  1/2-1/2

[Event "3rd All-China Games"]
[Site "Suzhou CHN"]
[Date "2006.05.25"]
[Round "9"]
[White "Wu Wenjin"]
[Black "Wang Yaoyao"]
[Result "1/2-1/2"]
[WhiteElo "2508"]
[BlackElo "2434"]

1.e4 c5 2.Nf3 d6 3.Bb5+ Nd7 4.O-O a6 5.Bc4 e6 6.Re1 Ngf6 7.Bf1 Be7 8.c3 b5
9.a4 Bb7 10.d3 O-O 11.Nbd2 Bc6 12.d4 bxa4 13.Bd3 Nb6 14.Qe2 cxd4 15.cxd4 Qd7
16.e5 Nfd5 17.Ne4 Bb5 18.exd6 Bxd6 19.Nxd6 Qxd6 20.Bd2 h6 21.Ne5 Rfc8 22.Qh5 Ra7
23.Bb1 Nc4 24.Nxc4 Rxc4 25.Qe5 Qxe5 26.dxe5 Rd4 27.Ba5 Rd7 28.Be4 Nf4 29.Bf3 Nd3
30.Re3 g5 31.h3 Nc5 32.Rc1 Nb3 33.Rc8+ Kg7 34.Bc3 Rc4 35.Rxc4 Bxc4 36.Bh5 Bb5
37.Bb4 Nd4 38.Bc5 Nf5 39.Rc3 Rd5 40.Bb4 Rd4 41.Ba3 Rc4 42.Kh2 f6 43.exf6+ Kxf6
44.Rf3 Rc2 45.g4 Bc6 46.gxf5 Bxf3 47.Bxf3 exf5 48.Kg2 a5 49.Bd1 Rc4 50.Be2 Re4
51.Bb5 h5 52.Bc5 h4 53.f3 Rf4 54.Be2 Ke6 55.Bd3 g4  1/2-1/2

[Event "3rd All-China Games"]
[Site "Suzhou CHN"]
[Date "2006.05.25"]
[Round "10"]
[White "Yu Shaoteng"]
[Black "Gu Xiaobing"]
[Result "1/2-1/2"]
[WhiteElo "2542"]
[BlackElo "2371"]

1.e4 c5 2.Nf3 d6 3.Bb5+ Nc6 4.d4 cxd4 5.Qxd4 Bd7 6.Bxc6 Bxc6 7.Nc3 Nf6 8.Bg5 e6
9.O-O-O Be7 10.Qd3 O-O 11.Nd4 Rc8 12.Kb1 Qc7 13.Ndb5 Bxb5 14.Nxb5 Qa5 15.Bxf6 Bxf6
16.Nxd6 Qe5 17.c3 Rc6 18.Nc4 Qc5 19.Ne3 Rb6 20.Ka1 g6 21.Qc4 Qa5 22.f4 Rc6
23.Qb4 Qc7 24.e5 Be7 25.Qb3 Rc8 26.Rd3 Rb6 27.Qa4 Qc5 28.Rhd1 Ra6 29.Qb3 Rb6
30.Qc2 Rcc6 31.Rd4 Ra6 32.Qb3 Rab6 33.Qc4 Qa5 34.Qa4 Qc5 35.R4d3 Ra6 36.Qb4 Qxb4
37.cxb4 Bxb4 38.Rd7 Rab6 39.Kb1 Bc3 40.b3 h5 41.Rc1 a5 42.Rd3 Bb4 43.Nc4 Rb5
44.a4 Rd5 45.Rxd5 exd5 46.Nb2 Kf8 47.Nd3 Bd2 48.Rd1 Be3 49.g3 Ke7 50.Ne1 Ke6
51.Nf3 Kf5 52.Ng5 d4 53.Nxf7 Rb6 54.Nd6+ Ke6 55.Kb2 Rb4 56.Nc4 b5 57.axb5 a4
58.Ka3 Rxb3+ 59.Kxa4 Rc3 60.Nxe3 dxe3 61.b6 Rc2 62.Kb3 Rc6 63.Re1 Rxb6+ 64.Kc3 Ra6
65.Kd3 Ra3+ 66.Ke4 Ra2 67.h3 e2 68.Kf3 Ra3+ 69.Kg2 h4 70.gxh4 Re3 71.Kf2 Rxh3
72.Rxe2 Rxh4 73.Kg3 Rh1 74.Rd2 Ra1 75.Rd6+ Ke7 76.Kh4 Rg1 77.Rd3 Ke6 78.Rg3 Rh1+
79.Kg5 Rf1 80.Rg4 Kf7 81.Rg2 Ra1 82.Kg4 Rf1 83.Ra2 Rg1+ 84.Kf3 Rf1+ 85.Rf2 Re1
86.Re2 Rf1+ 87.Ke4 Ke6 88.Rd2 Re1+ 89.Kf3 Rf1+ 90.Kg3 Rg1+ 91.Kf2 Rg4 92.Rd6+ Ke7
93.Kf3 Rg1 94.Rf6 g5 95.f5 Re1 96.Re6+ Kf7 97.Kg4 Rg1+ 98.Kh5 g4 99.Kh4 g3
100.Kh3 g2 101.Kh2 Rf1 102.Rf6+ Ke7 103.Kxg2 Re1 104.Re6+ Kf7 105.Kf2 Re4
106.Kf3 Re1 107.Kf4 Rf1+ 108.Ke4 Re1+ 109.Kd5 Rf1 110.Kd6 Rxf5 111.Kd7 Rf1
112.Rd6 Re1 113.e6+ Kf6 114.Rd2 Ra1 115.Rf2+ Kg7 116.Rf7+ Kg8 117.Rf5 Ra7+
118.Kd6 Ra6+ 119.Ke7 Ra7+ 120.Kf6 Kf8 121.Rh5 Rf7+ 122.Ke5 Rf1 123.Rh8+ Ke7
124.Rh7+ Ke8  1/2-1/2

[Event "37th Olympiad w"]
[Site "Turin ITA"]
[Date "2006.05.25"]
[Round "5"]
[White "Connolly,S"]
[Black "Zsiltzova Lisenko,L"]
[Result "0-1"]
[WhiteElo "2027"]
[BlackElo "2263"]

1.e4 c5 2.Nf3 d6 3.Bb5+ Nc6 4.c4 Bd7 5.O-O g6 6.d4 cxd4 7.Nxd4 Bg7 8.Be3 Nf6
9.f3 O-O 10.Nc3 a6 11.Bxc6 bxc6 12.Qd2 Rb8 13.b3 Re8 14.Kh1 Qa5 15.Rac1 Qc7
16.Nde2 c5 17.Nf4 Bc6 18.Ncd5 Nxd5 19.Nxd5 Bxd5 20.Qxd5 a5 21.Rb1 Rb7 22.f4 e6
23.Qd3 Reb8 24.f5 Be5 25.Bf4 Bxf4 26.Rxf4 d5 27.Rh4 dxe4 28.Qxe4 exf5 29.Qe3 a4
30.Qh6 f6 31.Qe3 axb3 32.axb3 Qe7 33.Qxe7 Rxe7 34.Rh3 Rd8 35.Rf3 Re2 36.h4 Rdd2
37.Rg3 Re4 38.Rh3 Rg4 39.Rg1 h5  0-1

[Event "37th Olympiad w"]
[Site "Turin ITA"]
[Date "2006.05.25"]
[Round "5"]
[White "Djingarova,E"]
[Black "Baginskaite,C"]
[Result "1/2-1/2"]
[WhiteElo "2319"]
[BlackElo "2299"]

1.e4 c5 2.Nf3 d6 3.Bb5+ Nc6 4.Bxc6+ bxc6 5.O-O Bg4 6.d3 e5 7.Nbd2 Nf6 8.Nc4 Be7
9.Ne3 Be6 10.Ng5 Bc8 11.Nf5 h6 12.Nh3 g6 13.Nxe7 Qxe7 14.f4 Bxh3 15.gxh3 exf4
16.Bxf4 Nh5 17.Bd2 Rb8 18.Qf3 Rb7 19.Rae1 Qe6 20.Bc3 O-O 21.Re2 Kh7 22.Rg2 f5
23.Rgf2 Rbf7 24.Qg2 d5 25.exd5 cxd5 26.Re1 Qd6 27.Be5 Qd7 28.d4 c4 29.b3 Re8
30.bxc4 dxc4 31.Rb1 Ng7 32.c3 Ne6 33.Rfb2 Ng5 34.Rb7 Qe6 35.h4 Ne4 36.Rb8 Rfe7
37.h5 g5 38.Rxe8 Rxe8 39.Rb7+ Re7 40.Rb8 Re8 41.Qb2 Nf6 42.Qb7+ Re7 43.Qa8 Ne8
44.Rb7 f4 45.Qxe8 Qg4+ 46.Kf2 Qh4+ 47.Kf1 Qh3+ 48.Kg1 Qg4+ 49.Kf2 Qh4+ 50.Kf1 Qh3+
51.Kg1 Qg4+  1/2-1/2

[Event "37th Olympiad w"]
[Site "Turin ITA"]
[Date "2006.05.28"]
[Round "7"]
[White "Sikorova,O"]
[Black "Fakhiridou,E"]
[Result "1/2-1/2"]
[WhiteElo "2276"]
[BlackElo "2292"]

1.e4 c5 2.Nf3 d6 3.Bb5+ Nd7 4.O-O a6 5.Bxd7+ Bxd7 6.d4 cxd4 7.Nxd4 g6 8.c4 Bg7
9.Nc3 Rc8 10.Qd3 Nf6 11.f3 Qc7 12.b3 b5 13.Nd5 Nxd5 14.cxd5 Qc3 15.Qxc3 Rxc3
16.Rd1 O-O 17.Bb2 Rc7 18.Rd2 Rfc8 19.Rad1 Bh6 20.Re2 f6 21.Kf2 Kf7 22.g3 b4
23.f4 Bg7 24.Rdd2 Rc5 25.Kf3 h5 26.f5 gxf5 27.Nxf5 Bxf5 28.exf5 Bh6 29.Rd4 Rc2
30.Rde4 Rxe2 31.Rxe2 a5 32.Bd4 a4 33.bxa4 Ra8 34.Ke4 Rxa4 35.Kd3 Bc1 36.Bb2 Bxb2
37.Rxb2 Ra5 38.Kc4 Rc5+ 39.Kxb4 Rxd5 40.Rf2 Ke8 41.a4 Kd7 42.Rf4 Re5 43.Kc4 Kc6
44.Kd4 Kb6 45.h4 Kc6 46.Kd3 Kb6 47.Kd4 Kc6 48.Kd3 Kb6 49.Kd4  1/2-1/2

[Event "37th Olympiad w"]
[Site "Turin ITA"]
[Date "2006.05.31"]
[Round "10"]
[White "Milliet,S"]
[Black "Baginskaite,C"]
[Result "1-0"]
[WhiteElo "2330"]
[BlackElo "2299"]

1.e4 c5 2.Nf3 d6 3.Bb5+ Nc6 4.O-O Bd7 5.Re1 Nf6 6.c3 a6 7.Bf1 Bg4 8.d4 cxd4
9.cxd4 d5 10.e5 Nd7 11.h3 Bxf3 12.Qxf3 e6 13.Be3 Bb4 14.Nc3 O-O 15.Qg3 Kh8
16.a3 Ba5 17.Rad1 f6 18.exf6 Nxf6 19.Bg5 Qd7 20.b4 Bb6 21.Qh4 Ne7 22.Bd3 Nf5
23.Bxf5 exf5 24.Re5 Ne4 25.Nxd5 Bc7 26.Nxc7 Qxc7 27.Re7 Qd6 28.Rxb7 Qd5 29.Re7 Rfe8
30.Bf4 Nf6 31.Re5 Rxe5 32.Bxe5 Nd7 33.Re1 Kg8 34.Bxg7  1-0